Najlepsze kluby piłkarskie z różnych województw - Statystyki

Ogólne statystyki
  • Ten quiz został rozwiązany 55 razy
  • Średni wynik to 11 z 16
Statystyki odpowiedzi
Województwo Miejsce i Liga Klub % Poprawnych
Dolnośląskie Ekstraklasa, 2 Miejsce Śląsk Wrocław
94%
Łódzkie Ekstraklasa, 9 Miejsce Widzew Łódź
88%
Mazowieckie Ekstraklasa, 3 Miejsce Legia Warszawa
87%
Podlaskie Ekstraklasa, 1 Miejsce Jagiellonia Białystok
85%
Zachodnio-Pomorskie Ekstraklasa, 4 Miejsce Pogoń Szczecin
83%
Pomorskie I Liga, 1 Miejsce Lechia Gdańsk
81%
Wielkopolskie Ekstraklasa, 5 Miejsce Lech Poznań
79%
Lubelskie I Liga, 4 Miejsce Motor Lublin
79%
Świętokrzyskie Ekstraklasa, 14 Miejsce Korona Kielce
75%
Opolskie I Liga, 6 Miejsce Odra Opole
75%
Śląskie Ekstraklasa, 6 Miejsce Górnik Zabrze
65%
Podkarpackie Ekstraklasa, 11 Miejsce Stal Mielec
62%
Małopolskie Ekstraklasa, 12 Miejsce Puszcza Niepołomice
52%
Lubuskie III Liga, 3 Grupa, 8 Miejsce Lechia Zielona Góra
46%
Kujawsko-Pomorskie II Liga, 14 Miejsce Olimpia Grudziądz
46%
Warmińsko-Mazurskie II Liga, 13 Miejsce Olimpia Elbląg
44%
Nie znaleziono quizów pasujących do podanych kryteriów
Rozkład punktacji
Procent ludzi z każdym wynikiem
Percentyl według liczby udzielonych odpowiedzi
Twoja historia wyników
Nie rozwiązałeś tego quizu